New case law referencer on Arbitration and Conciliation Act / (Record no. 18856)

MARC details
000 -LEADER
fixed length control field 01013nam a22002417a 4500
008 - FIXED-LENGTH DATA ELEMENTS--GENERAL INFORMATION
fixed length control field 081120t xxu||||| |||| 00| 0 eng d
010 ## - LCCN (DPL NO)
LC control number ENG-91697
020 ## - INTERNATIONAL STANDARD BOOK NUMBER
International Standard Book Number 9788175346963
Terms of availability 495.00
035 ## - SYSTEM CONTROL NUMBER
System control number EN-75230
037 ## - SOURCE OF ACQUISITION
Source of stock number/acquisition DBAD / PUB
040 ## - CATALOGING SOURCE
Original cataloging agency dpl
Language of cataloging English
082 ## - DEWEY DECIMAL CLASSIFICATION NUMBER
Classification number 347.5409
100 ## - MAIN ENTRY--PERSONAL NAME
Personal name Kohli, Hari Dev
245 ## - TITLE STATEMENT
Title New case law referencer on Arbitration and Conciliation Act /
Statement of responsibility, etc by Hari Dev Kohli
260 ## - PUBLICATION, DISTRIBUTION, ETC. (IMPRINT)
Place of publication, distribution, etc Delhi
Name of publisher, distributor, etc Universal Law Publishing
Date of publication, distribution, etc 2008
270 ## - ADDRESS
Address C-FF-1A, Dilkhush Industrial Estate, (Opp, Hans Cinema, Azadpur) GT. Karnal Road,,
City Delhi
Postal code 110033
300 ## - PHYSICAL DESCRIPTION
Extent lv, 476p.
Dimensions 25cm (pbk)
610 ## - SUBJECT ADDED ENTRY--CORPORATE NAME
Corporate name or jurisdiction name as entry element India
Title of a work Arbitration and Conciliation Act
650 ## - SUBJECT ADDED ENTRY--TOPICAL TERM
Topical term or geographic name as entry element Arbitration and award
Geographic subdivision India
650 ## - SUBJECT ADDED ENTRY--TOPICAL TERM
Topical term or geographic name as entry element Arbitration and award, International
942 ## - ADDED ENTRY ELEMENTS (KOHA)
Source of classification or shelving scheme Dewey Decimal Classification
Item type English Books
Call number suffix KOH
Classification part 347.5409
Holdings
Withdrawn status Lost status Source of classification or shelving scheme Damaged status Not for loan Collection code Home library Current library Date acquired Source of acquisition Cost, normal purchase price Total Checkouts Full call number Barcode Date last seen Copy number Cost, replacement price Koha item type
    Dewey Decimal Classification   Not For Loan Non-fiction D.B.Act.Division D.B.Act.Division 20/11/2008 DBAD / PUB 495.00   347.5409 KOH EN-75230 20/11/2008 1 495.00 English Books

© Delhi Public Library
Hit Counter
free hit counter